| 000 | 00617nam a2200181 a 4500 | ||
|---|---|---|---|
| 001 | 000023810 | ||
| 005 | 20200930022501.0 | ||
| 008 | 110113s1989 gaubch r 000 f eng d | ||
| 020 | _a0934601720 | ||
| 040 |
_aDO-SdBNP _bspa _cBNPHU |
||
| 082 |
_annnn _bF737k |
||
| 100 | 1 |
_aFortenberry, Ken H., _d1951- _949016 |
|
| 245 | 1 | 0 |
_aKill the messenger : _bone man´s fight bigotry and greed / _cKen H. Fortenberry. |
| 260 |
_aAtlanta : _bPeachtree Publishers, _c1989. |
||
| 300 |
_a178 p. : _bmapas, retrs., fascs. ; _c24 cm. |
||
| 504 | _aIncluye referencias bibliográficas y notas al pie de las páginas. | ||
| 049 | _aBNGR | ||
| 999 |
_c23306 _d23306 |
||